El cuento chileno: 1864-1920

Guardat en:
Dades bibliogràfiques
Autor principal: Loveluck, Juan (autor)
Format: Llibre
Idioma:espanyol
Publicat: Buenos Aires EUDEBA 1964
Edició:1a. ed
Col·lecció:Del Nuevo Mundo
Matèries:
Etiquetes: Afegir etiqueta
Sense etiquetes, Sigues el primer a etiquetar aquest registre!

MARC

LEADER 00000cam a2200000 a 4500
001 UCE4910
003 CL-VaPUC
008 141120e19640000ag |||||||||||||||||spa|d
082 0 4 |a Ch863.9  |b LOV  |2 21 
100 |a Loveluck, Juan  |e autor  |9 577380 
245 1 3 |a El cuento chileno: 1864-1920 
250 |a 1a. ed 
300 |a 158 p 
942 |c BK 
945 |d 20141120 11:52:00  |a dcastane 
260 |a Buenos Aires  |b EUDEBA  |c 1964 
650 0 |a Cuento chileno  |9 352824 
650 0 |a Crítica e interpretación   |9 255042 
583 |a last modification  |c 20141120 11:52:00  |k Rodrigo Vera 
490 0 |a Del Nuevo Mundo 
999 |c 357766  |d 357764 
952 |0 0  |1 0  |3 erb  |4 0  |6 CH_863_900000000000000_LOV_1964  |7 0  |8 X  |9 465825  |a FDOBUD  |b FDOBUD  |i 5107601  |o Ch863.9 LOV 1964  |p 5107601  |r 2019-11-23  |w 2019-11-23  |y BK_X  |z Catalogado en:20141120  |k BUD